书目信息 |
| 题名: |
基因诊断与基因治疗进展
|
|
| 作者: | 罗超权 主编 | |
| 分册: | ||
| 出版信息: | 郑州 河南医科大学出版社 1999 |
|
| 页数: | 362页 | |
| 开本: | 29cm | |
| 丛书名: | ||
| 单 册: | ||
| 中图分类: | R446.69 , R394 , R394 | |
| 科图分类: | ||
| 主题词: | 基因--探针诊断 , 基因 , 探针诊断 , 基因治疗--研究 , 基因治疗 , 医学遗传学 | |
| 电子资源: | ||
| ISBN: | 7-81048-366-8 | |
| 000 | 01040nam0 2200325 450 | |
| 001 | 1550332158 | |
| 005 | 20150131135924.40 | |
| 010 | @a7-81048-366-8@b精装@dCNY85.00 | |
| 100 | @a20000713d1999 em y0chiy0110 ea | |
| 101 | 0 | @achi |
| 102 | @aCN@b410000 | |
| 105 | @af z 001yy | |
| 200 | 1 | @a基因诊断与基因治疗进展@9ji yin zhen duan yu ji yin zhi liao jin zhan@f罗超权主编 |
| 210 | @a郑州@c河南医科大学出版社@d1999 | |
| 215 | @a362页@c图@d29cm | |
| 300 | @a国家“九五”规划重点图书 | |
| 330 | @a本书介绍了近年来在遗传性疾病、遗传易感性疾病、传染病、肿瘤的基因诊断与基因治疗方面国内外的最新进展及应用以及近年发展的基本技术和具体实施方法等。 | |
| 510 | 1 | @aAdvance in gene diagnosis and therapy@zeng |
| 606 | 0 | @a基因@x探针诊断 |
| 606 | 0 | @a基因 |
| 606 | 0 | @a探针诊断 |
| 606 | 0 | @a基因治疗@x研究 |
| 606 | 0 | @a基因治疗 |
| 606 | 0 | @a医学遗传学 |
| 690 | @aR446.69@v5 | |
| 690 | @aR394@v5 | |
| 690 | @aR394@v4 | |
| 701 | 0 | @a罗超权@9luo chao quan@4主编 |
| 801 | 0 | @aCN@bTSSF@c20150131 |
| 905 | @aZUCC@dR394@eJY162 | |
| 基因诊断与基因治疗进展/罗超权主编.-郑州:河南医科大学出版社,1999 |
| 362页:图;29cm |
| 国家“九五”规划重点图书 |
| ISBN 7-81048-366-8(精装):CNY85.00 |
| 本书介绍了近年来在遗传性疾病、遗传易感性疾病、传染病、肿瘤的基因诊断与基因治疗方面国内外的最新进展及应用以及近年发展的基本技术和具体实施方法等。 |
| ● |
| 相关链接 |
|
|
|
|
正题名:基因诊断与基因治疗进展
索取号:R394/JY162
 
预约/预借
| 序号 | 登录号 | 条形码 | 馆藏地/架位号 | 状态 | 备注 |
| 1 | 7862097 | 278620976 | 学院路分馆/ [索取号:R394/JY162] | 在馆 |